| 000 | 00514nam a22001577a 4500 | ||
|---|---|---|---|
| 008 | 220302b |||||||| |||| 00| 0 eng d | ||
| 020 | _a9781308393421 | ||
| 050 | _aP 90 .P75 2015 | ||
| 100 | _aPrairie State College | ||
| 245 |
_aPrinciples of communication/ _cPrairie State College |
||
| 260 |
_aUS: _bMcGraw-Hill, _c2015. |
||
| 300 |
_aviii, 389p. : _bill. ; _c37cm |
||
| 500 | _aincludes bibliographical references and index. | ||
| 600 | _2Communication | ||
| 942 |
_2lcc _cBOOKS _hP 90 .P75 2015 |
||
| 999 |
_c31359 _d31359 |
||